Vývoj zahraničnoobchodných vzťahov Rumunska po vstupe do EÚ bakalárska práca

Na minha lista:
Detalhes bibliográficos
Autor principal: Kovacs, Andreea
Autor Corporativo: Obchodná fakulta EU. Katedra medzinárodného obchodu
Outros Autores: Zubaľová, Ľubica, 1969-
Formato: Livro
Idioma:eslovaco
Publicado em: Bratislava 2018
Tags: Adicionar Tag
Sem tags, seja o primeiro a adicionar uma tag!

MARC

LEADER 00000nbm a2200000 4500
001 0244992
005 20180926143659.8
041 0 |a slo 
044 |a SK 
245 1 0 |a Vývoj zahraničnoobchodných vzťahov Rumunska po vstupe do EÚ  |b bakalárska práca  |c Andreea Kovacs ; školiteľ: Ľubica Zubaľová 
264 1 |a Bratislava  |c 2018 
300 |a 49 s. 
100 1 |a Kovacs, Andreea 
700 1 |a Zubaľová, Ľubica, 1969- 
710 2 |a Obchodná fakulta EU. Katedra medzinárodného obchodu